| 000 | 00659aam a2200229 4500 | ||
|---|---|---|---|
| 005 | 20161115141415.0 | ||
| 008 | 150610b xxu||||| |||| 00| 0 spa d | ||
| 041 | _aEspañol | ||
| 082 | _a972.867 Z25c | ||
| 100 |
_aZamora Hernández, Carlos Manuel _931605 |
||
| 245 | _aCircuito de turismo cultural: ciudad de Puntarenas | ||
| 260 |
_aCosta Rica _bMinisterio de Cultura y Juventud _c2011 |
||
| 300 | _a23 páginas | ||
| 650 |
_aCOSTA RICA _931606 |
||
| 650 |
_aPUNTARENAS _91062 |
||
| 650 |
_aDESCRIPCIONES Y VIAJES _931607 |
||
| 650 |
_aPUNTARENAS _91062 |
||
| 650 |
_aHISTORIA _943 |
||
| 650 |
_aTURISMO _9894 |
||
| 650 |
_aGUÍAS _9738 |
||
| 942 | _cBK | ||
| 999 |
_c2740 _d2740 |
||